LEADER 01618nam0 2200313 450 001 000028182 005 20110318112212.0 100 $a20110318d2010----km-y0itay50------ba 101 0 $aita 102 $aIT 105 $ay---m---001yy 200 1 $aValutazione dei deficit motori in pazienti affetti da malattia di Parkinson con UPDRS e motion analysis$brisorsa elettronica$euno studio comparativo$ftesi di dottorato di: Stefania Graziano$gtutor: Giuseppe Sorrentino 210 $aNapoli$d2010 215 $a1 disco ottico (CD-ROM)$d12 cm 230 $aDati testuali (1 file: 1,40 Mb) 304 $aTit. dell'etichetta 314 $aCoordinatore: Giuseppe Sorrentino 328 $aTesi di Dottorato di ricerca in Scienze del movimento umano e della salute. 2008-2009 (22. ciclo) : Università degli studi di Napoli "Parthenope" 337 $aRequisiti minimi del sistema: Windows 500 10$aValutazione dei deficit motori in pazienti affetti da malattia di Parkinson con UPDRS e motion analysis: uno studio comparativo$942147 610 1 $aMalattia di Parkinson$aNeurologia 676 $a616.833$v22$9Altre malattie organiche del sistema nervoso centrale. Malattia di Parkinson (Paralisi agitante) 700 1$aGraziano,$bStefania$0634041 712 02$aUniversità degli Studi di Napoli "Parthenope" 801 0$aIT$bUNIPARTHENOPE$c20110318$gRICA$2UNIMARC 912 $a000028182 951 $aTesi Dottorato CD-ROM/39$bs.i.$cNAVA1$d2011 996 $aValutazione dei deficit motori in pazienti affetti da malattia di Parkinson con UPDRS e motion analysis: uno studio comparativo$942147 997 $aUNIPARTHENOPE LEADER 01334nam0 22003011i 450 001 UON00233383 005 20231205103513.91 010 $a97-227-0671-3 100 $a20030730r2001 |0itac50 ba 101 $apor 102 $aPT 105 $a||||0 ||||| 200 1 $aAlves & C.a$fEça de Queirós$gediçao de Luiz Fagundes Duarte, Irene Fialho. Lisboa$eImprensa Nacional-Casa da Moeda, 1994 210 $a157 p.$a25 cm 410 1$1001UON00177201$12001 $aEdicao critica das obras de Eca de Queiros$eficcao, semi-postumos e postumos. Lisboa$eImprensa Nacional-Casa da Moeda 620 $aPT$dLisboa$3UONL003135 676 $a869.3$cLetteratura narrativa portoghese$v21 700 1$aQUEIROS$bJosé Maria Eça : de$3UONV115639$0452752 702 1$aDUARTE$bLuiz Fagundes$3UONV141403 702 1$aFIALHO$bIrene$3UONV141404 712 $aImprensa Nacional-Casa da Moeda$3UONV266231$4650 790 1$aQUEIROZ, José Maria Eça : de$zQUEIROS, José Maria Eça : de$3UONV188149 801 $aIT$bSOL$c20240220$gRICA 899 $aSIBA - SISTEMA BIBLIOTECARIO DI ATENEO$2UONSI 912 $aUON00233383 950 $aSIBA - SISTEMA BIBLIOTECARIO DI ATENEO$dSI Port III 0653 $eSI LO 68030 5 0653 996 $aAlves & C.a$91233328 997 $aUNIOR